| 000 | 00648nam a2200205 i 4500 | ||
|---|---|---|---|
| 001 | 85884 | ||
| 003 | ES-MaACL | ||
| 005 | 20250730025316.0 | ||
| 007 | t| | ||
| 008 | 041202s1945 xxk ||||1| eng d | ||
| 100 | 1 |
_aKeers, R. J. _967717 |
|
| 245 | 1 | 0 |
_aPulmonary tuberculosis / _cby R.J. Keers and B.G. Rigden ; with a foreword by F.H. Joung. |
| 260 |
_aEdinburg : _bLivingstone, _c1945 ( _fJ. and M. Gray) |
||
| 300 |
_aX, 273 p., 67 lám. : _bil. ; _c19 cm. |
||
| 650 | 0 | 7 |
_aTuberculosis _2embne _917658 |
| 700 | 1 |
_aRigden, B. G. _997201 |
|
| 700 | 1 |
_aYoung, F. H. _9117685 |
|
| 852 |
_aES-MaACL _jB-10394 _bR.22127 |
||
| 999 |
_c85884 _d85884 |
||